| 000 | 00824nam a2200229 a 4500 | ||
|---|---|---|---|
| 005 | 20230517063546.0 | ||
| 008 | 180802s2017 mx r 000 0 spa d | ||
| 020 | _a9786079475772 | ||
| 035 | _aUPN01000225963 | ||
| 049 | _aCG | ||
| 050 | 4 |
_aF1488 _bP5.7 |
|
| 100 | 1 |
_aPirker, Kristina _942305 |
|
| 245 | 1 | 3 |
_aLa redefinición de lo posible : _bmilitancia política y movilización social en el Salvador (1970-2012) / _cKristina Pirker. |
| 260 |
_aMéxico : _bInstituto Mora : _bCONACYT, _c2017. |
||
| 300 |
_a423 p. : _bfigs. |
||
| 440 | 0 |
_aContemporánea. _pSociología |
|
| 651 | 4 |
_aEL SALVADOR - _xPOLITICA Y GOBIERNO - _y1944-1979 _98431 |
|
| 650 | 4 |
_aPARTICIPACION POLITICA - _zEL SALVADOR - _xHISTORIA _927151 |
|
| 650 | 4 |
_aMOVIMIENTOS SOCIALES - _zEL SALVADOR - _xHISTORIA _927152 |
|
| 905 | _aLibro | ||
| 999 |
_c198059 _d198059 |
||